Armenia : Recent Economic Developments and Selected Issues.

This paper reports economic developments in the Republic of Armenia during 1998-99. Prior to August 1998, real GDP growth was strong, inflation had declined to moderate levels, the current account deficit was declining, and the exchange rate was stable. The Russian crisis, however, hit Armenia hard....

Fuld beskrivelse

Bibliografiske detaljer
Institution som forfatter: International Monetary Fund
Format: Tidsskrift
Sprog:English
Udgivet: Washington, D.C. : International Monetary Fund, 1999.
Serier:IMF Staff Country Reports; Country Report ; No. 1999/128
Online adgang:Full text available on IMF
LEADER 01574cas a2200241 a 4500
001 AALejournalIMF001055
008 230101c9999 xx r poo 0 0eng d
020 |c 5.00 USD 
020 |z 9781451801439 
022 |a 1934-7685 
040 |a BD-DhAAL  |c BD-DhAAL 
110 2 |a International Monetary Fund. 
245 1 0 |a Armenia :   |b Recent Economic Developments and Selected Issues. 
264 1 |a Washington, D.C. :  |b International Monetary Fund,  |c 1999. 
300 |a 1 online resource (83 pages) 
490 1 |a IMF Staff Country Reports 
500 |a <strong>Off-Campus Access:</strong> No User ID or Password Required 
500 |a <strong>On-Campus Access:</strong> No User ID or Password Required 
506 |a Electronic access restricted to authorized BRAC University faculty, staff and students 
520 3 |a This paper reports economic developments in the Republic of Armenia during 1998-99. Prior to August 1998, real GDP growth was strong, inflation had declined to moderate levels, the current account deficit was declining, and the exchange rate was stable. The Russian crisis, however, hit Armenia hard. Exports, workers' remittances, and transfers fell sharply. This led to declining demand for output in industry, transportation, and services. In addition, Armenia suffered a decline in portfolio and direct foreign investment. 
538 |a Mode of access: Internet 
830 0 |a IMF Staff Country Reports; Country Report ;  |v No. 1999/128 
856 4 0 |z Full text available on IMF  |u http://elibrary.imf.org/view/journals/002/1999/128/002.1999.issue-128-en.xml  |z IMF e-Library